[Event "Ch BLR U20 g"]
[Site "?"]
[Date "2015.04.03"]
[Round "1.1"]
[White "Kaliadzich, M."]
[Black "Nevioselaya, M."]
[Result "1/2-1/2"]
[WhiteElo "2080"]
[BlackElo "2028"]
[PlyCount "170"]
[EventDate "2015.??.??"]

1. Nf3 d5 2. d4 Nf6 3. c4 c6 4. e3 Bf5 5. Nc3 e6 6. Nh4 Bg4 7. Qb3 Qb6 8. h3
Bh5 9. g4 Bg6 10. Nxg6 hxg6 11. Bg2 Nbd7 12. Bd2 Be7 13. c5 Qc7 14. Qc2 e5 15.
f4 e4 16. b4 a5 17. b5 b6 18. bxc6 Qxc6 19. g5 Ng8 20. Nxd5 f5 21. gxf6 Ngxf6
22. Nxe7 Kxe7 23. Rc1 bxc5 24. dxc5 Rh5 25. O-O Rxc5 26. Qb2 Kf7 27. Qd4 Rc8
28. Rfd1 Qe6 29. Qa4 Nb6 30. Qb3 Nc4 31. Be1 Nd5 32. Rd4 a4 33. Qxa4 Ncb6 34.
Rxc5 Nxa4 35. Rcxd5 Nc3 36. Rd7+ Kg8 37. Rd8+ Kh7 38. R4d6 Qf5 39. Kh2 Rc7 40.
Re8 Rc8 41. Re5 Qf8 42. Rd7 Qa3 43. Ree7 Rg8 44. Ra7 Qb2 45. Rab7 Qa1 46. Bxc3
Qxc3 47. Rxe4 Rd8 48. Ree7 Rd2 49. a4 Ra2 50. Rxg7+ Qxg7 51. Rxg7+ Kxg7 52. Kg3
Rxa4 53. e4 Kf6 54. Kg4 Ra1 55. h4 Rg1 56. Kg3 Ra1 57. Bf3 Rg1+ 58. Kf2 Ra1 59.
Kg3 Rg1+ 60. Bg2 Ra1 61. e5+ Kg7 62. Bf3 Rg1+ 63. Kf2 Ra1 64. h5 Ra4 65. Kg3
gxh5 66. Bxh5 Re4 67. Kg4 Kf8 68. Kf5 Ra4 69. Bd1 Rb4 70. Bf3 Ke7 71. Kg5 Rb5
72. Bg4 Ra5 73. Be2 Rc5 74. Bd3 Rd5 75. Bf5 Ra5 76. Bg4 Rb5 77. Kg6 Ra5 78. e6
Ra4 79. Kg5 Ra8 80. f5 Rg8+ 81. Kf4 Kf6 82. Bh5 Ra8 83. Bf3 Ra5 84. Be4 Re5 85.
Bc2 Rxe6 {Ke4 Ke5+} 1/2-1/2

[Event "Ch BLR U20 g"]
[Site "?"]
[Date "2015.04.03"]
[Round "1.2"]
[White "Stashis, A."]
[Black "Uzlavataya, A."]
[Result "1-0"]
[WhiteElo "1842"]
[BlackElo "1989"]
[PlyCount "117"]
[EventDate "2015.??.??"]

1. e4 c6 2. d4 d5 3. exd5 cxd5 4. c4 Nc6 5. Nf3 Nf6 6. Nc3 Bg4 7. cxd5 Nxd5 8.
Qb3 Bxf3 9. gxf3 Nb6 10. d5 Nd4 11. Qd1 Nf5 12. Bb5+ Nd7 13. Qd3 g6 14. Ne4 a6
15. Bxd7+ Qxd7 16. Bf4 Rc8 17. Be5 Bg7 18. Bxg7 Nxg7 19. Nc3 O-O 20. O-O-O Rfd8
21. Kb1 Qf5 22. Ne4 Nh5 23. Ka1 Nf4 24. Qe3 Rxd5 25. Nc3 Rxd1+ 26. Rxd1 e6 27.
Qb6 Nd3 28. Qxb7 Rf8 29. Qe4 Nxf2 30. Qxf5 gxf5 31. Rd6 Ra8 32. a4 Kf8 33. a5
Ke7 34. Rb6 Nd3 35. Na4 Ne5 36. f4 Nd3 37. Rb7+ Kf6 38. Nb6 Rd8 39. Ra7 Nb4 40.
Nd7+ Kg7 41. b3 Nc6 42. Rxa6 Nb4 43. Rd6 Ra8 44. Kb2 Rxa5 45. Ne5 Ra7 46. Rd4
Nd5 47. b4 Kf6 48. Nd3 Ke7 49. Kb3 Kd6 50. Nb2 f6 51. b5 Kc5 52. Rc4+ Kxb5 53.
Na4 Rc7 54. Nc3+ Ka6 55. Nxd5 Rxc4 56. Kxc4 exd5+ 57. Kxd5 Kb7 58. Ke6 Kc7 59.
Kxf5 1-0

[Event "Ch BLR U20 g"]
[Site "?"]
[Date "2015.04.03"]
[Round "1.3"]
[White "Khrapko, M."]
[Black "Fiadosenka, R."]
[Result "0-1"]
[WhiteElo "1931"]
[BlackElo "1952"]
[PlyCount "86"]
[EventDate "2015.??.??"]

1. e4 c6 2. Nf3 d5 3. exd5 cxd5 4. Ne5 Nc6 5. d4 Qb6 6. c3 Nf6 7. Bd3 Nxe5 8.
dxe5 Nd7 9. Qe2 Qe6 10. f4 Nc5 11. Bb5+ Bd7 12. Be3 Ne4 13. Na3 a6 14. Bd3 g5
15. Rf1 gxf4 16. Bxf4 Nc5 17. Bc2 Bg7 18. O-O-O Bc6 19. Nb1 Bb5 20. Qh5 Bxf1
21. Rxf1 Ne4 22. Nd2 Nxd2 23. Bxd2 Rf8 24. Qxh7 Bxe5 25. Re1 Qf6 26. Kb1 O-O-O
27. Qh5 Bd6 28. Qxd5 Bc7 29. Qg5 Qf2 30. Rd1 e6 31. Kc1 Rg8 32. Qe3 Rxg2 33.
Qxf2 Rxf2 34. Be3 Rxd1+ 35. Kxd1 Rxh2 36. b4 f5 37. Bb3 Kd7 38. Ke1 Be5 39. Bd2
f4 40. a4 f3 41. Bc4 Bg3+ 42. Kd1 Rh1+ 43. Kc2 f2 0-1

[Event "Ch BLR U20 g"]
[Site "?"]
[Date "2015.04.03"]
[Round "1.4"]
[White "Mitskevich, Y."]
[Black "Badelka, O."]
[Result "0-1"]
[WhiteElo "1957"]
[BlackElo "2046"]
[PlyCount "74"]
[EventDate "2015.??.??"]

1. e4 c5 2. Nf3 Nc6 3. Bb5 e6 4. O-O Nge7 5. d4 cxd4 6. Bxc6 Nxc6 7. Nxd4 Be7
8. Nxc6 bxc6 9. Re1 O-O 10. c4 e5 11. a3 d6 12. b4 f5 13. Nc3 Be6 14. Qe2 f4
15. f3 Rf6 16. Nd1 Rh6 17. g4 Bh4 18. Rf1 Rg6 19. Kh1 h5 20. Rg1 hxg4 21. fxg4
Qf6 22. h3 f3 23. Qf1 f2 24. Rg2 Qf3 25. Kh2 Rf8 26. Be3 Qxe4 27. Bxf2 Bxc4 28.
Qg1 Bxf2 29. Rxf2 Rgf6 30. Rxf6 Rxf6 31. Ne3 Rf3 32. Ng2 Qd3 33. Qxa7 Rxh3+ 34.
Kg1 Bd5 35. Rf1 Bxg2 36. Qb8+ Kh7 37. Rf8 Qe3+ 0-1

[Event "Ch BLR U20 g"]
[Site "?"]
[Date "2015.04.03"]
[Round "1.5"]
[White "Kusenkova, N."]
[Black "Malatsilava, V."]
[Result "1-0"]
[WhiteElo "2014"]
[BlackElo "2063"]
[PlyCount "93"]
[EventDate "2015.??.??"]

1. d4 Nf6 2. Nf3 g6 3. c4 Bg7 4. Nc3 d6 5. Bg5 h6 6. Bh4 g5 7. Bg3 Nh5 8. e3 c5
9. Be2 Nxg3 10. hxg3 Qa5 11. O-O Nd7 12. Qc2 Nf6 13. a3 Bd7 14. b4 Qc7 15. bxc5
dxc5 16. d5 Ng4 17. Rad1 Ne5 18. Nb5 Bxb5 19. cxb5 Nxf3+ 20. Bxf3 Qd6 21. Rc1
b6 22. Qf5 O-O 23. Be4 Rfd8 24. f4 g4 25. Qxg4 a6 26. a4 axb5 27. axb5 Ra3 28.
Rfe1 Qf6 29. Bf3 Qb2 30. e4 Qxb5 31. e5 Qd3 32. Red1 Qe3+ 33. Kh2 Kf8 34. e6
Rd6 35. exf7 Kxf7 36. Re1 Qf2 37. Re2 Qd4 38. Re6 Rd8 39. Qg6+ Kf8 40. Bh5 Kg8
41. Qf7+ Kh8 42. Rxe7 Qf6 43. Re8+ Rxe8 44. Qxe8+ Qf8 45. Qe4 Bd4 46. Re1 Qg8
47. g4 1-0

[Event "Ch BLR U20 g"]
[Site "?"]
[Date "2015.04.04"]
[Round "2.1"]
[White "Nevioselaya, M."]
[Black "Malatsilava, V."]
[Result "1/2-1/2"]
[WhiteElo "2028"]
[BlackElo "2063"]
[PlyCount "80"]
[EventDate "2015.??.??"]

1. e4 c5 2. Nf3 e6 3. d4 cxd4 4. Nxd4 a6 5. Nc3 b5 6. a4 b4 7. Nb1 Qb6 8. a5
Qc7 9. Be3 Nf6 10. Bd3 Bb7 11. Nd2 d5 12. f3 Bd6 13. Qe2 dxe4 14. fxe4 Bxh2 15.
O-O-O Bg3 16. Rh3 Nbd7 17. N4b3 h5 18. Bb6 Qb8 19. Nc4 h4 20. Nc5 Bf4+ 21. Kb1
Bc6 22. Qe1 g5 23. Qxb4 g4 24. Rhh1 Rh5 25. Nxd7 Nxd7 26. Qc3 Be5 27. Nxe5 Nxe5
28. Be2 Qb7 29. Bd4 Ng6 30. Bxg4 Rg5 31. Bf3 Bxe4 32. Bxe4 Qxe4 33. Rhe1 Qb7
34. Bf6 Rxg2 35. Bxh4 Rc8 36. Qf6 Qc7 37. c4 Rb8 38. Bf2 Qxc4 39. Bb6 Qc2+ 40.
Ka1 Qa4+ 1/2-1/2

[Event "Ch BLR U20 g"]
[Site "?"]
[Date "2015.04.04"]
[Round "2.2"]
[White "Badelka, O."]
[Black "Kusenkova, N."]
[Result "1/2-1/2"]
[WhiteElo "2046"]
[BlackElo "2014"]
[PlyCount "87"]
[EventDate "2015.??.??"]

1. d4 Nf6 2. c4 g6 3. f3 Bg7 4. e4 O-O 5. Ne2 c5 6. d5 d6 7. Be3 e6 8. Nec3 Na6
9. Be2 Nc7 10. a4 Rb8 11. O-O a6 12. a5 exd5 13. cxd5 Nd7 14. Nd2 f5 15. Nc4 f4
16. Bf2 Ne5 17. Na4 Nxc4 18. Bxc4 Bd7 19. Ra2 Bb5 20. b3 Na8 21. Qe2 Qe8 22.
Nb2 b6 23. Bxb5 axb5 24. a6 Nc7 25. Nd3 Ra8 26. a7 b4 27. Qd2 Qf7 28. Nxb4 cxb4
29. Qxb4 Qd7 30. Qxb6 Nb5 31. Ra6 Rfc8 32. h3 Bf6 33. Ra5 Nc3 34. Ra6 Be5 35.
Kh1 Qc7 36. Qxc7 Rxc7 37. Rc1 Kf7 38. Rc6 Rxc6 39. dxc6 Ke7 40. c7 Kd7 41. Be1
Rxa7 42. Bxc3 Rxc7 43. Bd2 Ra7 44. Bc3 1/2-1/2

[Event "Ch BLR U20 g"]
[Site "?"]
[Date "2015.04.04"]
[Round "2.3"]
[White "Fiadosenka, R."]
[Black "Mitskevich, Y."]
[Result "0-1"]
[WhiteElo "1952"]
[BlackElo "1957"]
[PlyCount "84"]
[EventDate "2015.??.??"]

1. e4 e5 2. Nf3 Nc6 3. Bc4 Bc5 4. c3 Nf6 5. b4 Bb6 6. d3 d6 7. a4 a5 8. b5 Ne7
9. O-O O-O 10. Bg5 Ng6 11. Nbd2 h6 12. Be3 Bxe3 13. fxe3 c6 14. d4 d5 15. exd5
cxd5 16. Bb3 Ng4 17. Qe2 e4 18. Ne1 Qc7 19. g3 Qxc3 20. Ng2 Be6 21. Rac1 Qd3
22. Qxd3 exd3 23. Rc7 b6 24. Rfc1 Nf6 25. R7c6 Rab8 26. R1c3 Ne7 27. Rc7 Rfc8
28. Nf4 Kf8 29. Nxd3 Ne8 30. Rxc8 Rxc8 31. Rxc8 Bxc8 32. Nf4 Nf6 33. Nf3 g5 34.
Ng2 Ne4 35. Nge1 f6 36. Nd3 Bg4 37. Nfe1 Nc3 38. Kf2 Nf5 39. Nf3 Ne4+ 40. Kg2
Bxf3+ 41. Kxf3 Nd2+ 42. Ke2 Nxb3 0-1

[Event "Ch BLR U20 g"]
[Site "?"]
[Date "2015.04.04"]
[Round "2.4"]
[White "Uzlavataya, A."]
[Black "Khrapko, M."]
[Result "0-1"]
[WhiteElo "1989"]
[BlackElo "1931"]
[PlyCount "56"]
[EventDate "2015.??.??"]

1. d4 c5 2. dxc5 e6 3. Nc3 Nf6 4. e4 Nc6 5. Be3 Qa5 6. Bd3 Bxc5 7. Bxc5 Qxc5 8.
Nf3 O-O 9. Qe2 e5 10. O-O d6 11. h3 Nh5 12. Nd5 Ng3 13. Qd2 Nxf1 14. Rxf1 a5
15. c3 Be6 16. Ng5 Rac8 17. b4 axb4 18. cxb4 Qd4 19. Qe2 h6 20. Nf3 Qa7 21. Nh4
Bxd5 22. exd5 Ne7 23. Kh2 Qd4 24. f4 Rc3 25. Rf3 Rc1 26. Kg3 Nxd5 27. Nf5 exf4+
28. Kg4 Nf6+ 0-1

[Event "Ch BLR U20 g"]
[Site "?"]
[Date "2015.04.04"]
[Round "2.5"]
[White "Kaliadzich, M."]
[Black "Stashis, A."]
[Result "1-0"]
[WhiteElo "2080"]
[BlackElo "1842"]
[PlyCount "77"]
[EventDate "2015.??.??"]

1. d4 Nf6 2. Nf3 g6 3. Bf4 Bg7 4. e3 O-O 5. Be2 d6 6. h3 c5 7. c3 Qb6 8. Qc1
Bf5 9. Nbd2 Ne4 10. O-O Rc8 11. Nxe4 Bxe4 12. Nd2 Bc6 13. Nc4 Qd8 14. dxc5 dxc5
15. Rd1 Qe8 16. Ne5 Bb5 17. Bg4 f5 18. Bf3 Nc6 19. Nd3 e5 20. Bd5+ Kh8 21. Bh2
Bxd3 22. Rxd3 Rd8 23. Qc2 Rd6 24. Rad1 Rad8 25. a3 Qd7 26. c4 Ne7 27. Be4 Qc7
28. Rxd6 Rxd6 29. Rxd6 Qxd6 30. Bxb7 Qb6 31. Bd5 e4 32. Qa4 Qd8 33. Bc7 Qc8 34.
Qxa7 Nxd5 35. cxd5 Bxb2 36. Qxc5 Kg8 37. d6 Bf6 38. Qc6 Bd8 39. Qe8+ 1-0

[Event "Ch BLR U20 g"]
[Site "?"]
[Date "2015.04.05"]
[Round "3.1"]
[White "Stashis, A."]
[Black "Nevioselaya, M."]
[Result "0-1"]
[WhiteElo "1842"]
[BlackElo "2028"]
[PlyCount "56"]
[EventDate "2015.??.??"]

1. e4 e5 2. Nf3 Nc6 3. Bc4 Bc5 4. b4 Be7 5. b5 Na5 6. Nxe5 Nxc4 7. Nxc4 d5 8.
exd5 Qxd5 9. Ne3 Qxb5 10. Nc3 Qc6 11. Ncd5 Be6 12. Nxe7 Nxe7 13. O-O O-O-O 14.
a4 h5 15. a5 h4 16. a6 b6 17. h3 Rh6 18. Ra3 Rg6 19. Kh2 Nf5 20. Rc3 Qe4 21.
Ng4 Bd5 22. f3 Qf4+ 23. Kg1 Nd4 24. d3 Qg3 25. Kh1 Rxg4 26. hxg4 h3 27. Qd2
hxg2+ 28. Qxg2 Rh8+ 0-1

[Event "Ch BLR U20 g"]
[Site "?"]
[Date "2015.04.05"]
[Round "3.2"]
[White "Khrapko, M."]
[Black "Kaliadzich, M."]
[Result "1-0"]
[WhiteElo "1931"]
[BlackElo "2080"]
[PlyCount "175"]
[EventDate "2015.??.??"]

1. e4 c6 2. d4 d5 3. exd5 cxd5 4. Bd3 Nc6 5. c3 g6 6. Bf4 Bg7 7. Nf3 Nh6 8. Qd2
Nf5 9. O-O O-O 10. h3 Nd6 11. Re1 Bf5 12. Bxd6 Qxd6 13. Bxf5 gxf5 14. Qd3 e6
15. Nbd2 Kh8 16. Qe3 Rg8 17. Ne5 Nxe5 18. dxe5 Qf8 19. Nb3 Bh6 20. Qf3 Rg6 21.
Kh1 Qe7 22. Rad1 Rag8 23. Rg1 Qc7 24. Qe2 Bf4 25. Rde1 Qe7 26. Qf3 Bh6 27. Nd4
a6 28. Ne2 Qh4 29. Nd4 Rg4 30. Ne2 Bf4 31. Nd4 Bd2 32. Re2 Bh6 33. Qd3 Bf4 34.
Nb3 R4g6 35. Qf3 Bh6 36. Nc5 Qe7 37. Nd3 Qg5 38. Nc5 Qe7 39. Nd3 R6g7 40. Qh5
Rg5 41. Qf3 R5g7 42. Qh5 Bg5 43. Qf3 Rg6 44. g3 Rh6 45. Kg2 Qf8 46. Rh1 Be7 47.
Nf4 Qc8 48. Rd1 Bg5 49. Nd3 Qc4 50. a3 f4 51. Nxf4 Qc7 52. Nd3 Rg7 53. Rh1 f5
54. Nf4 Qc4 55. Nd3 Rg8 56. Rd1 Qc7 57. Nb4 Qg7 58. Rd4 Bd8 59. Rd1 Rh4 60. Kh2
Re4 61. Nd3 Bc7 62. Nc5 Qxe5 63. Nxe4 dxe4 64. Qh5 Qg7 65. Rg1 f4 66. Rxe4
fxg3+ 67. fxg3 Bxg3+ 68. Kh1 Qf6 69. Qe2 Qf5 70. Rg4 Rxg4 71. Qxg4 Qxg4 72.
hxg4 Bf4 73. Kg2 Kg7 74. Kf3 e5 75. Ke4 Kf6 76. c4 a5 77. b4 axb4 78. axb4 Bd2
79. b5 b6 80. Rd1 Bb4 81. Rf1+ Kg5 82. Rh1 Kxg4 83. Rxh7 Bc3 84. Rg7+ Kh5 85.
Kf5 Kh4 86. Rg6 Bd4 87. Re6 Kg3 88. Rxe5 1-0

[Event "Ch BLR U20 g"]
[Site "?"]
[Date "2015.04.05"]
[Round "3.3"]
[White "Mitskevich, Y."]
[Black "Uzlavataya, A."]
[Result "1-0"]
[WhiteElo "1957"]
[BlackElo "1989"]
[PlyCount "41"]
[EventDate "2015.??.??"]

1. e4 c6 2. d4 d5 3. Nc3 dxe4 4. Nxe4 Nd7 5. Qe2 e6 6. c3 Ngf6 7. Nf3 Be7 8.
Nxf6+ Bxf6 9. Qc2 O-O 10. Bd3 h6 11. Be3 Re8 12. O-O-O Qa5 13. Kb1 e5 14. Rhe1
exd4 15. Bxd4 Rf8 16. g4 Bxd4 17. cxd4 Nf6 18. g5 hxg5 19. Re5 b5 20. Nxg5 Ng4
21. Bh7+ 1-0

[Event "Ch BLR U20 g"]
[Site "?"]
[Date "2015.04.05"]
[Round "3.4"]
[White "Kusenkova, N."]
[Black "Fiadosenka, R."]
[Result "1/2-1/2"]
[WhiteElo "2014"]
[BlackElo "1952"]
[PlyCount "93"]
[EventDate "2015.??.??"]

1. d4 Nf6 2. Nf3 b6 3. g3 Bb7 4. Bg2 e6 5. O-O Be7 6. c4 O-O 7. d5 exd5 8. Nh4
c6 9. cxd5 Nxd5 10. Nf5 Bc5 11. e4 Ne7 12. Nxg7 Kxg7 13. b4 d5 14. bxc5 bxc5
15. Qh5 Qd6 16. Bf4 Qe6 17. Nd2 Nd7 18. Bh3 f5 19. Qg5+ Kh8 20. exf5 Qf6 21.
Qxf6+ Rxf6 22. g4 Rg8 23. Kh1 Rf7 24. Nf3 h5 25. Ne5 Nxe5 26. Bxe5+ Kh7 27. f3
d4 28. Rac1 c4 29. Rxc4 hxg4 30. fxg4 c5+ 31. Kg1 Ba6 32. Rxc5 Bxf1 33. Kxf1
Rd8 34. Ke2 Nd5 35. Kd2 Re7 36. Bg3 d3 37. Bf1 Nf6 38. Bh4 Ne4+ 39. Kd1 d2 40.
Be2 Nf2+ 41. Bxf2 Rxe2 42. Rc7+ Kg8 43. Bh4 Rd5 44. Rc8+ Kf7 45. Rc7+ Kf8 46.
Rc8+ Kf7 47. Rc7+ 1/2-1/2

[Event "Ch BLR U20 g"]
[Site "?"]
[Date "2015.04.05"]
[Round "3.5"]
[White "Malatsilava, V."]
[Black "Badelka, O."]
[Result "1/2-1/2"]
[WhiteElo "2063"]
[BlackElo "2046"]
[PlyCount "301"]
[EventDate "2015.??.??"]

1. e4 d5 2. exd5 Qxd5 3. Nc3 Qd6 4. g3 Nc6 5. Bg2 Nf6 6. Nf3 Bg4 7. h3 Bh5 8.
O-O O-O-O 9. g4 Bg6 10. Nh4 e6 11. d3 Nd5 12. Nxg6 hxg6 13. Nxd5 exd5 14. c3
Be7 15. d4 f5 16. Qf3 fxg4 17. Qxg4+ Kb8 18. Re1 Rh4 19. Qe6 Qxe6 20. Rxe6 Bf6
21. Bd2 Kc8 22. Rae1 Nb8 23. Kh2 c6 24. Bf3 b6 25. Bg4 Kb7 26. Bf4 Rhh8 27. Bd6
Nd7 28. Be7 Rde8 29. Bxf6 Nxf6 30. Re7+ Kb8 31. Rxe8+ Rxe8 32. Rxe8+ Nxe8 33.
Bd7 Nf6 34. Bxc6 Kc7 35. Ba4 Kd6 36. Kg2 g5 37. Bc2 Ne8 38. Kg3 Ke7 39. Kg4 Kf6
40. Ba4 Nd6 41. Bc6 Ne4 42. f3 Nf2+ 43. Kg3 Nd1 44. Bxd5 Nxb2 45. Bb3 Nd3 46.
Bc4 Nb2 47. Bb3 Nd3 48. h4 gxh4+ 49. Kxh4 g5+ 50. Kg3 Ke7 51. a3 Kf6 52. Bc2
Nb2 53. f4 gxf4+ 54. Kxf4 Nc4 55. a4 Nd6 56. Bd3 Ke6 57. c4 Nb7 58. Ke3 Kd6 59.
Kd2 Nd8 60. Be4 Ne6 61. Kc3 Nc7 62. Bf5 Na6 63. Be4 Nc7 64. Bb7 Ne6 65. Bc8 Nd8
66. Bg4 Nc6 67. Bf3 Nb8 68. Kb4 Na6+ 69. Kc3 Nb8 70. Bb7 Kc7 71. Bd5 Kd6 72.
Kb3 Na6 73. Bb7 Nc7 74. Bc8 Kc6 75. Kb4 Kd6 76. Kc3 Ne8 77. Kd3 Kc7 78. Be6 Kd6
79. Bf7 Nc7 80. Ke4 Na6 81. Be8 Nc7 82. Bh5 Na6 83. Bg4 Nc7 84. Bc8 Ne8 85. Kf5
Kc7 86. Be6 Kd6 87. Bf7 Nc7 88. Kf6 Na6 89. Bg6 Nb4 90. Kf5 Nc6 91. Ke4 Na5 92.
Kd3 Nc6 93. Kc3 Nb8 94. Be4 Na6 95. Bb7 Nc7 96. Bc8 Kc6 97. Kb4 Kd6 98. a5 Kc6
99. a6 Kd6 100. c5+ bxc5+ 101. dxc5+ Kc6 102. Kc4 Ne8 103. Bb7+ Kc7 104. Kd5
Nf6+ 105. Kd4 Nd7 106. Bg2 Nb8 107. Bf1 Nc6+ 108. Kd5 Nb4+ 109. Kd4 Nc6+ 110.
Kc4 Na5+ 111. Kd5 Nb3 112. Bb5 Nd2 113. Ba4 Nf3 114. Ke4 Ng5+ 115. Kf5 Nf3 116.
Kf4 Nd4 117. Ke5 Nf3+ 118. Kd5 Ng5 119. Bd1 Nf7 120. Bh5 Ng5 121. Bg6 Nf3 122.
Bb1 Ng5 123. Bc2 Nf3 124. Bd3 Ng5 125. Bg6 Nf3 126. Be4 Ng5 127. Ke5 Nh3 128.
Bf3 Nf2 129. Kd4 Nh3 130. Ke3 Ng5 131. Bd5 Nh7 132. Kf4 Nf6 133. Ke5 Nd7+ 134.
Kd4 Nb8 135. Bc4 Nc6+ 136. Ke4 Nb4 137. Bb5 Nc2 138. Be2 Nb4 139. Bb5 Nc2 140.
Be2 Nb4 141. Ke3 Kc6 142. Kd4 Nc2+ 143. Kc3 Ne3 144. Kb4 Nd5+ 145. Kc4 Ne3+
146. Kd3 Nf5 147. Bg4 Ne7 148. Kd4 Kc7 149. Bf3 Nf5+ 150. Ke4 Ne7 151. Ke5
1/2-1/2

[Event "Ch BLR U20 g"]
[Site "?"]
[Date "2015.04.06"]
[Round "4.1"]
[White "Fiadosenka, R."]
[Black "Malatsilava, V."]
[Result "1/2-1/2"]
[WhiteElo "1952"]
[BlackElo "2063"]
[PlyCount "33"]
[EventDate "2015.??.??"]

1. d4 Nf6 2. Nf3 g6 3. c4 Bg7 4. Nc3 d6 5. e3 O-O 6. Be2 c6 7. O-O Bg4 8. Qc2
Nbd7 9. b3 a6 10. h3 Bxf3 11. Bxf3 Rc8 12. b4 b5 13. c5 a5 14. a3 a4 15. Bb2 d5
16. Rad1 Qc7 17. Be2 1/2-1/2

[Event "Ch BLR U20 g"]
[Site "?"]
[Date "2015.04.06"]
[Round "4.2"]
[White "Nevioselaya, M."]
[Black "Badelka, O."]
[Result "1/2-1/2"]
[WhiteElo "2028"]
[BlackElo "2046"]
[PlyCount "102"]
[EventDate "2015.??.??"]

1. e4 c5 2. Nf3 Nc6 3. d4 cxd4 4. Nxd4 Qb6 5. Nb3 Nf6 6. Nc3 e6 7. Bd3 d6 8.
Be3 Qc7 9. O-O a6 10. a4 Be7 11. f4 Bd7 12. a5 Rc8 13. Qe2 Nb4 14. Bd4 Nxd3 15.
cxd3 O-O 16. Bb6 Qb8 17. Rac1 Bd8 18. Bxd8 Rfxd8 19. Qe3 e5 20. f5 Bc6 21. Rfe1
Re8 22. Nd2 b5 23. d4 Ng4 24. Qf3 Qa7 25. Qxg4 Qxd4+ 26. Kf1 Qxd2 27. Nd5 Bxd5
28. f6 Qf4+ 29. Qxf4 exf4 30. exd5 Rxe1+ 31. Rxe1 gxf6 32. Re4 Rc1+ 33. Kf2
Rc2+ 34. Kf3 Rxb2 35. Re8+ Kg7 36. Ra8 Rd2 37. Rxa6 Rxd5 38. Rb6 b4 39. a6 Ra5
40. Rxd6 b3 41. Rb6 b2 42. Rxb2 Rxa6 43. Kxf4 Kg6 44. g3 f5 45. Rb4 Ra1 46.
Rb6+ f6 47. Rb4 Rf1+ 48. Ke3 Kg5 49. h4+ Kh5 50. Ke2 Ra1 51. Kf3 Rf1+ {Ke4}
1/2-1/2

[Event "Ch BLR U20 g"]
[Site "?"]
[Date "2015.04.06"]
[Round "4.3"]
[White "Uzlavataya, A."]
[Black "Kusenkova, N."]
[Result "0-1"]
[WhiteElo "1989"]
[BlackElo "2014"]
[PlyCount "88"]
[EventDate "2015.??.??"]

1. Nf3 Nf6 2. g3 g6 3. Bg2 Bg7 4. O-O O-O 5. d4 c5 6. c4 d6 7. Nc3 Nc6 8. d5
Na5 9. Qd3 a6 10. e4 Rb8 11. Nd2 b5 12. Rb1 Ng4 13. b3 Ne5 14. Qc2 Bd7 15. f4
Ng4 16. Nd1 bxc4 17. bxc4 Rxb1 18. Nxb1 Bd4+ 19. Kh1 Qb6 20. h3 Nf6 21. Nd2 Qb4
22. a3 Qa4 23. Qd3 Rb8 24. Nc3 Bxc3 25. Qxc3 Nb3 26. Qb2 Rb7 27. e5 Nh5 28. Kh2
Nxd2 29. Qxd2 Rb3 30. g4 Ng3 31. Re1 Qxc4 32. e6 fxe6 33. dxe6 Bxe6 34. f5 Bf7
35. fxg6 hxg6 36. Qf2 e5 37. Qf6 Qe6 38. Qd8+ Kg7 39. Bh6+ Kxh6 40. Qh8+ Kg5
41. h4+ Kxg4 42. Bh3+ Kf3 43. Bxe6 Rb2+ 44. Kg1 Rg2# 0-1

[Event "Ch BLR U20 g"]
[Site "?"]
[Date "2015.04.06"]
[Round "4.4"]
[White "Kaliadzich, M."]
[Black "Mitskevich, Y."]
[Result "1-0"]
[WhiteElo "2080"]
[BlackElo "1957"]
[PlyCount "69"]
[EventDate "2015.??.??"]

1. d4 d5 2. Nf3 Nf6 3. c4 dxc4 4. e3 a6 5. Bxc4 b5 6. Bd3 Bb7 7. a3 e6 8. b4
Be7 9. Nbd2 O-O 10. O-O Nbd7 11. Qc2 g6 12. Bb2 Ne8 13. e4 Nd6 14. Rfe1 Nb6 15.
Rac1 Rc8 16. Ne5 Bg5 17. Nef3 Bh6 18. Rcd1 Ra8 19. Ba1 Bg7 20. Rc1 c6 21. Nb3
Ndc4 22. Nc5 Bc8 23. a4 a5 24. bxa5 Rxa5 25. Bc3 Ra7 26. a5 Nxa5 27. Ra1 Nd7
28. Nb3 Nxb3 29. Rxa7 Qb6 30. Rxd7 Nxd4 31. Bxd4 Bxd4 32. Rxd4 c5 33. Rb1 cxd4
34. Rxb5 Qd6 35. e5 1-0

[Event "Ch BLR U20 g"]
[Site "?"]
[Date "2015.04.06"]
[Round "4.5"]
[White "Stashis, A."]
[Black "Khrapko, M."]
[Result "0-1"]
[WhiteElo "1842"]
[BlackElo "1931"]
[PlyCount "60"]
[EventDate "2015.??.??"]

1. e4 c5 2. f4 Nc6 3. Nf3 g6 4. Bc4 e6 5. Nc3 Bg7 6. O-O Nge7 7. d3 O-O 8. a4
d5 9. Ba2 a6 10. Qe2 Rb8 11. Qf2 d4 12. Nd1 b5 13. Qh4 Bd7 14. f5 gxf5 15. Bh6
Ng6 16. Qh5 Bxh6 17. Qxh6 Qf6 18. exf5 exf5 19. Ng5 Qg7 20. Qh5 Nce5 21. axb5
axb5 22. Bd5 Rb6 23. Ra7 Rd6 24. Ba2 Ne7 25. Qh4 N7c6 26. Rb7 Nb4 27. Bb3 c4
28. dxc4 Rg6 29. Nxf7 Rxg2+ 30. Kh1 Rg1+ 0-1

[Event "Ch BLR U20 g"]
[Site "?"]
[Date "2015.04.07"]
[Round "5.1"]
[White "Khrapko, M."]
[Black "Nevioselaya, M."]
[Result "0-1"]
[WhiteElo "1931"]
[BlackElo "2028"]
[PlyCount "122"]
[EventDate "2015.??.??"]

1. e4 e5 2. Nf3 Nc6 3. Bb5 a6 4. Ba4 Nf6 5. O-O Be7 6. Re1 b5 7. Bb3 d6 8. c3
O-O 9. h3 Nb8 10. d4 Nbd7 11. Nbd2 Bb7 12. Bc2 Re8 13. Nf1 Bf8 14. Ng3 g6 15.
b3 c5 16. Bb2 Bh6 17. d5 Nb6 18. Nh2 Bc8 19. Bc1 Bg7 20. Be3 h6 21. Qd2 Kh7 22.
f3 a5 23. Ng4 Ng8 24. Qf2 h5 25. Nh2 b4 26. Ne2 Ba6 27. g4 hxg4 28. hxg4 Bh6
29. Kg2 Kg7 30. Rh1 Bxe3 31. Qxe3 Nf6 32. Nf1 Rh8 33. Rxh8 Qxh8 34. Nfg3 Kf8
35. Rh1 Qg7 36. Qg5 Ng8 37. Qe3 Ke7 38. f4 exf4 39. Nxf4 Qxc3 40. Qf2 Rf8 41.
e5 dxe5 42. Nxg6+ Ke8 43. Nxf8 Nxd5 44. Bf5 Kxf8 45. g5 Nge7 46. Rh8+ Kg7 47.
Rh7+ Kg8 48. Rh4 Ne3+ 49. Kh2 Nd1 50. Qg2 Qb2 51. Bc2 Bb7 52. Qd2 Nc6 53. Qxd1
Nd4 54. Rxd4 cxd4 55. Qe2 Qc1 56. Qd3 Qxg5 57. Qh7+ Kf8 58. Qh8+ Ke7 59. Nf5+
Kd7 60. Qh3 Qd2+ 61. Kg3 Qf4# 0-1

[Event "Ch BLR U20 g"]
[Site "?"]
[Date "2015.04.07"]
[Round "5.2"]
[White "Mitskevich, Y."]
[Black "Stashis, A."]
[Result "0-1"]
[WhiteElo "1957"]
[BlackElo "1842"]
[PlyCount "114"]
[EventDate "2015.??.??"]

1. e4 d5 2. exd5 Qxd5 3. Nc3 Qd6 4. d4 Nf6 5. Bd3 a6 6. Nge2 e6 7. Bf4 Qd8 8.
Qd2 Be7 9. O-O-O b5 10. h3 Bb7 11. Rhg1 Nbd7 12. Rde1 c5 13. dxc5 Nxc5 14. Nd4
Qa5 15. Kb1 Rc8 16. g4 b4 17. Nd1 Nxd3 18. Qxd3 O-O 19. Nb3 Qb6 20. Be5 Rfd8
21. Qe2 a5 22. g5 Ne8 23. Ne3 a4 24. Nd2 Ba6 25. Ndc4 Qc5 26. b3 Nd6 27. Bxd6
Bxd6 28. Qg4 Bf8 29. f4 Rd4 30. Rd1 Rcd8 31. Qf3 axb3 32. axb3 Bxc4 33. Nxc4
Qf5 34. Ne3 Rxd1+ 35. Rxd1 Rxd1+ 36. Nxd1 e5 37. Nf2 exf4 38. Nd3 Qxg5 39. Nxf4
Qg1+ 40. Ka2 Qc1 41. Qe4 h6 42. Nd3 Qa3+ 43. Kb1 Qa5 44. Ne5 g6 45. Qf4 Qa7 46.
h4 Bg7 47. h5 g5 48. Qf5 Qc7 49. Nc4 Qc6 50. Qh3 f5 51. Qh2 Qf6 52. Kc1 Qa1+
53. Kd2 Qc3+ 54. Kd1 f4 55. Qg2 f3 56. Qh3 Qd4+ 57. Kc1 Qg1+ 0-1

[Event "Ch BLR U20 g"]
[Site "?"]
[Date "2015.04.07"]
[Round "5.3"]
[White "Kusenkova, N."]
[Black "Kaliadzich, M."]
[Result "1/2-1/2"]
[WhiteElo "2014"]
[BlackElo "2080"]
[PlyCount "73"]
[EventDate "2015.??.??"]

1. d4 d5 2. Nf3 Nf6 3. c4 c6 4. Nc3 e6 5. e3 Nbd7 6. Qc2 Bd6 7. Bd3 Qe7 8. e4
dxe4 9. Nxe4 Nxe4 10. Bxe4 Nf6 11. Bd3 Bb4+ 12. Bd2 Bxd2+ 13. Qxd2 c5 14. dxc5
Qxc5 15. b4 Qc7 16. O-O O-O 17. Rfe1 b6 18. Rac1 Bb7 19. Ne5 Rfd8 20. Qe2 Rd4
21. c5 Be4 22. Bxe4 Rxe4 23. Qb2 Rxe1+ 24. Rxe1 bxc5 25. bxc5 Qxc5 26. Nxf7 Qb6
27. Nh6+ Kh8 28. Qxb6 axb6 29. Rxe6 Rxa2 30. g4 Ra8 31. Rxb6 Nd5 32. Nf7+ Kg8
33. Rb7 Nf4 34. h4 Rf8 35. Ng5 h6 36. Ne4 Ng6 37. g5 1/2-1/2

[Event "Ch BLR U20 g"]
[Site "?"]
[Date "2015.04.07"]
[Round "5.4"]
[White "Malatsilava, V."]
[Black "Uzlavataya, A."]
[Result "0-1"]
[WhiteElo "2063"]
[BlackElo "1989"]
[PlyCount "82"]
[EventDate "2015.??.??"]

1. e4 c6 2. d4 d5 3. exd5 cxd5 4. Bd3 Nf6 5. c3 Nc6 6. Nf3 g6 7. h3 Bg7 8. Bf4
O-O 9. O-O Ne8 10. Re1 Nd6 11. a4 Bf5 12. Bxd6 Qxd6 13. Bxf5 gxf5 14. Qd3 e6
15. Nbd2 Rac8 16. Nb3 Kh8 17. Qe2 Rg8 18. Ng5 Nd8 19. Qh5 h6 20. Nxf7+ Nxf7 21.
Qxf7 Rce8 22. Nc5 e5 23. Nxb7 Qc6 24. Na5 Qb6 25. b4 Re6 26. Nb3 Rf8 27. Qd7 e4
28. Qxd5 Rg6 29. Nc5 Qf6 30. f3 Qh4 31. Kh1 Rg3 32. Re3 Rf6 33. Qd8+ Kh7 34.
Qb8 f4 35. Re2 exf3 36. Rf2 fxg2+ 37. Kg1 Qxh3 38. Rxf4 Qh1+ 39. Kf2 g1=Q+ 40.
Rxg1 Qxg1+ 41. Ke2 Qh2+ 0-1